Les éléments du tableau périodique - Statistiques

Statistiques générales
  • Ce quiz a été pris 3 095 fois
    2 487 depuis la dernière actualisation
  • Le résultat moyen est 46 sur 119
Statistiques - réponses
Symbole Élément % Correct
He Hélium
98%
H Hydrogène
98%
Li Lithium
93%
Fe Fer
89%
Mg Magnésium
88%
K Potassium
86%
Ag Argent
84%
Au Or
84%
Na Sodium
84%
Ca Calcium
82%
O Oxygène
81%
N Azote
80%
C Carbone
80%
Cu Cuivre
77%
Zn Zinc
77%
Al Aluminium
71%
Si Silicium
69%
Cl Chlore
68%
F Fluor
68%
B Bore
66%
U Uranium
65%
Xe Xénon
65%
Pb Plomb
63%
S Soufre
63%
Ti Titane
62%
Mn Manganèse
61%
Ne Néon
61%
Ar Argon
60%
P Phosphore
58%
Ra Radium
57%
Br Brome
55%
Co Cobalt
55%
Cr Chrome
54%
Fr Francium
54%
I Iode
54%
Ni Nickel
54%
Be Béryllium
53%
Ga Gallium
53%
Kr Krypton
53%
Hg Mercure
51%
Cs Césium
49%
Po Polonium
46%
W Tungstène
46%
Ge Germanium
44%
Pu Plutonium
43%
As Arsenic
42%
Pt Platine
42%
Sn Étain
41%
Zr Zirconium
41%
Pd Palladium
40%
Rb Rubidium
40%
Rn Radon
39%
V Vanadium
39%
Ir Iridium
37%
Se Sélénium
36%
Ba Baryum
35%
Sc Scandium
35%
Y Yttrium
35%
Cd Cadmium
33%
Es Einsteinium
32%
Sr Strontium
32%
In Indium
30%
Bi Bismuth
29%
Mo Molybdène
29%
Os Osmium
29%
Ta Tantale
29%
Sb Antimoine
27%
Eu Europium
27%
Am Américium
25%
Te Tellure
24%
At Astate
23%
Cf Californium
23%
Np Neptunium
23%
Rh Rhodium
23%
Hf Hafnium
22%
Rf Rutherfordium
22%
Cm Curium
21%
Ce Cérium
20%
Er Erbium
19%
La Lanthane
19%
Tc Technétium
19%
Nb Niobium
18%
Og Oganesson
18%
Lr Lawrencium
17%
Md Mendélévium
17%
No Nobélium
17%
Fm Fermium
16%
Re Rhénium
16%
Ru Ruthénium
16%
Yb Ytterbium
16%
Ts Tennesse
15%
Th Thorium
15%
Ac Actinium
14%
Bk Berkélium
14%
Bh Bohrium
14%
Cn Copernicium
14%
Lu Lutécium
14%
Tl Thallium
14%
Db Dubnium
13%
Mc Moscovium
12%
Nd Néodyme
12%
Sg Seaborgium
12%
Hs Hassium
11%
Pr Praséodyme
11%
Sm Samarium
11%
Tb Terbium
11%
Dy Dysprosium
10%
Gd Gadolinium
10%
Lv Livermorium
10%
Nh Nihonium
10%
Pm Prométhium
10%
Rg Roentgenium
10%
Fl Flerovium
9%
Ho Holmium
9%
Mt Meitnerium
9%
Ds Darmstadtium
8%
Pa Protactinium
7%
Tm Thulium
7%
Aucun quiz correspondant
Distribution des résultats
% des personnes avec chaque résultat
Percentile par nombre de réponses
Votre historique - résultats
Vous n’avez pas pris ce quiz depuis la dernière actualisation